|
|
|
|
| LEADER |
01267nam a2200277 i 4500 |
| 001 |
10049058 |
| 003 |
GR-PaULI |
| 005 |
20250317131114.0 |
| 008 |
250225s1986 gr b f gre d |
| 040 |
|
|
|a GR-PaULI
|b gre
|c GR-PaULI
|e AACR2
|
| 041 |
1 |
|
|a gre
|h fre
|
| 082 |
0 |
4 |
|a 320.51
|2 23
|
| 100 |
1 |
|
|a Sorman, Guy
|e συγγραφέας.
|9 40691
|
| 245 |
1 |
2 |
|a Η φιλελεύθερη λύση /
|c Guy Sorman ; μετάφραση Μ. Σακκή ; επιμέλεια κειμένου Ε. Καρτάκης.
|
| 260 |
|
|
|a Αθήνα :
|b Ροές,
|c 1986.
|
| 300 |
|
|
|a 311 σ. :
|b χάρτες ;
|c 18 εκ.
|
| 490 |
1 |
|
|a Βιβλίο του μήνα
|
| 500 |
|
|
|a Τίτλος πρωτοτύπου: Solution libérale.
|
| 650 |
|
4 |
|a Φιλελευθερισμός
|9 7183
|
| 700 |
|
|
|a Σακκή, Μαρία
|9 43320
|e μεταφράστρια.
|
| 700 |
|
|
|a Καρτάκης, Ελευθέριος Α
|9 102437
|e επιμελητής.
|
| 765 |
|
|
|i Μετάφραση του:
|t Solution libérale.
|
| 830 |
|
0 |
|a Βιβλίο του Μήνα (Ροές)
|9 160679
|
| 942 |
|
|
|2 ddc
|c BK
|
| 952 |
|
|
|0 0
|1 0
|2 ddc
|4 0
|6 320_510000000000000_SOR
|7 0
|9 387951
|a LISP
|b LISP
|c DON
|d 2025-02-25
|e ΠΑΝ
|i 093931
|l 0
|o 320.51 SOR
|p 025000164521
|r 2025-02-25 10:17:22
|t 1
|w 2025-02-25
|y BKN
|
| 999 |
|
|
|c 225107
|d 225107
|